| 000 | 01075nam a22004090a 4500 | ||
|---|---|---|---|
| 001 | PT56188 | ||
| 003 | AR-LpoUNG | ||
| 005 | 20210131231739.0 | ||
| 008 | 191001s2011||||ag |||||||||||||||||spa d | ||
| 020 |
_a9789876272063 _c$13 |
||
| 040 |
_aAR-LpoUNG _bspa _cAR-LpoUNG _eaacr |
||
| 041 | _aspa | ||
| 044 | _aag | ||
| 082 | 0 | _a982.068 45cam | |
| 100 | 1 | _aJafelle Fraga, Andrea | |
| 245 | 1 | 0 |
_aCampo de batalla : _bcrónica de la Resolución 125 |
| 250 | _a1ra. ed. | ||
| 260 |
_aBuenos Aires : _bB Argentina , _c2011. |
||
| 300 |
_a219 p. : _bil., fot. |
||
| 650 | 4 | _aANALISIS HISTORICO | |
| 650 | 4 | _aARGENTINA | |
| 650 | 4 | _aCAPITAL INDUSTRIAL | |
| 650 | 4 | _aCLASE OBRERA | |
| 650 | 4 | _aCONCENTRACION DEL CAPITAL | |
| 650 | 4 | _aCONFLICTOS POLITICOS | |
| 650 | 4 | _aCONFLICTOS SOCIALES | |
| 650 | 4 | _aECONOMIA | |
| 650 | 4 | _aESTADO | |
| 650 | 4 | _aGANANCIA | |
| 650 | 4 | _aHISTORIA ECONOMICA | |
| 650 | 4 | _aRENTA DE LA TIERRA | |
| 650 | 4 | _aSECTOR AGROPECUARIO | |
| 651 | 4 | _aArgentina | |
| 700 | 1 | _aBaistrocchi, Guido | |
| 905 | _a56188 | ||
| 942 | _cLIB | ||
| 999 |
_c11765 _d11765 |
||